00834nam a2200217 a 450000100100000000500170001000800410002702000150006804000250008308200190010810000390012724500550016626000620022130000200028365000220030365000260032504900090035195201170036095201220047799900170059900002019020200929170315.0100727s2006 dr 000 0 spa d a9945855131 aDO-SdBNPbspacBNPHU a891.733bT654h1 aTolstoi, León,d1828-191094278610aHistoria de Iván el imbécil /cLeón Tolstoi. aSanto Domingo :bEdiciones de Peralta Rodríguez,c2006. a84 p. ;c18 cm. 4aNovela rusa94742 4aLiteratura rusa94743 aBNPD 0010718PDaPDbPDcCTd2010-07-27iLF1l0o891.733 T654hp20190-10r2020-06-25w2020-06-25yLFPDZNo se presta 0010718PDaPDbPDcCTd2010-07-27iLF1l0o891.733 T654hp20190-20r2020-06-25te.2w2020-06-25yLFPDZNo se presta c19697d19697